<?xml version="1.0" encoding="UTF-8"?><collection xmlns="info:lc/xmlns/marcxchange-v2"><record format="Unimarc" type="bibliographic"><leader>00921nam  2200241   450 </leader><controlfield tag="001">3081963</controlfield><controlfield tag="003">http://id.bnportugal.gov.pt/bib/porbase/3081963</controlfield><datafield ind1=" " ind2=" " tag="010"><subfield code="a">0-486-21179-7</subfield></datafield><datafield ind1=" " ind2=" " tag="035"><subfield code="a">(bn)2045969</subfield></datafield><datafield ind1=" " ind2=" " tag="100"><subfield code="a">20200527d1964    m  y0pory01030103ba</subfield></datafield><datafield ind1="0" ind2=" " tag="101"><subfield code="a">eng</subfield></datafield><datafield ind1=" " ind2=" " tag="102"><subfield code="a">US</subfield></datafield><datafield ind1=" " ind2=" " tag="105"><subfield code="a">a   z   001yy</subfield></datafield><datafield ind1=" " ind2=" " tag="106"><subfield code="a">r</subfield></datafield><datafield ind1="1" ind2=" " tag="200"><subfield code="a">Antique musical instruments and their players</subfield><subfield code="e">152 plates from Bonanni's 18th century "Gabinetto Armonico"</subfield><subfield code="f">Filippo Bonanni</subfield><subfield code="g">with a new introd. and captions by Frank Ll. Harrison, Joan Rimmer</subfield></datafield><datafield ind1=" " ind2="9" tag="210"><subfield code="a">New York</subfield><subfield code="c">Dover</subfield><subfield code="d">cop. 1964</subfield></datafield><datafield ind1=" " ind2=" " tag="215"><subfield code="a">X, [298], III p.</subfield><subfield code="c">todo il.</subfield><subfield code="d">22 cm</subfield></datafield><datafield ind1="2" ind2=" " tag="225"><subfield code="a">Dover pictorial archives</subfield></datafield><datafield ind1=" " ind2=" " tag="317"><subfield code="a">Coleção Cremilde e Gerhard Doderer</subfield><subfield code="5">PTBN: DOD.MI. 37</subfield></datafield><datafield ind1=" " ind2="1" tag="700"><subfield code="a">Buonanni</subfield><subfield code="b">Filippo</subfield><subfield code="f">1638-1725</subfield><subfield code="c">S.J.</subfield><subfield code="3">87324</subfield></datafield><datafield ind1=" " ind2="1" tag="702"><subfield code="a">Harrison</subfield><subfield code="b">Frank Ll.</subfield><subfield code="f">1905-1987</subfield><subfield code="4">080</subfield><subfield code="3">2359089</subfield></datafield><datafield ind1=" " ind2="1" tag="702"><subfield code="a">Rimmer</subfield><subfield code="b">Joan</subfield><subfield code="f">1918- 2014</subfield><subfield code="4">080</subfield><subfield code="3">2359090</subfield></datafield><datafield ind1=" " ind2="0" tag="801"><subfield code="a">PT</subfield><subfield code="b">BN</subfield><subfield code="g">RPC</subfield></datafield><datafield ind1=" " ind2=" " tag="966"><subfield code="l">BN</subfield><subfield code="m">MUSICA</subfield><subfield code="s">DOD</subfield><subfield code="x">3</subfield></datafield></record></collection>